000 00591nam a2200193 i 4500
001 27499
003 ES-MaACL
005 20250812024125.0
007 t|
008 030114s1961 sp ||||1| spa d
100 1 _aAzcárate Ristori, José María de.
_924256
245 1 0 _aHistoria del arte en cuadros esquemáticos /
_cJosé María de Azcárate.
250 _a5ª ed.
260 _aMadrid :
_bEpesa [Ediciones y Publicaciones Españolas],
_c1961.
300 _a100 p. ;
_c29 cm.
650 4 _aArte-
_vHistoria
_910107
852 _aES-MaACL
_jA-264
999 _c27499
_d27499